000 00289nam a22001337a 4500
008 170213b xxu||||| |||| 00| 0 eng d
020 _a9781886624191
041 _aeng
080 _a61
100 _a4
101 _aSHM
245 _aRELATIONSHIP BASED CARE
_cKOLOROUTIS
942 _2udc
_cBK
999 _c5216
_d5216